Score 0/14 Timer 02:00
0 Plays Today
Song Missing Word % Correct
____ Fly With MeCome
91.5%
Fly Me to the ____Moon
88.9%
I ____ I Can FlyBelieve
88.1%
Fly Like an ____Eagle
81.5%
____ Fly (For a White Guy)Pretty
73%
Fly ____Away
69%
____ to FlyLearn
63.2%
Song Missing Word % Correct
Fly by ____Night
62.3%
Fly On the ____Wall
53.6%
Fly Away From ___Here
51.1%
We Fly ____High
32.2%
____ to FlyLearning
24.1%
____ FlySparks
7.7%
____ to FlyExpecting
3.5%

Today's Daily Dose

Remove Ads.
Support Sporcle.
Get the best of Sporcle when you Go Orange. This ad-free experience offers more features, more stats, and more fun while also helping to support Sporcle. Thank you for becoming a member.

You're not logged in!

Compare scores with friends on all Sporcle quizzes.
OR
Log In

Show Comments

Extras

Top Quizzes Today


Score Distribution

Your Account Isn't Verified!

In order to create a playlist on Sporcle, you need to verify the email address you used during registration. Go to your Sporcle Settings to finish the process.

Report this User

Report this user for behavior that violates our Community Guidelines.

Details: